000 00852cam a2200229 a 4500
001 3103845
005 20240826134013.0
008 990504s1999 stka b 001 0 eng c
020 _a0702023140
050 0 0 _aRT42
_b.N82 1999
082 0 0 _a610.73
_221
245 0 0 _aNurse prescribing :
_bpolitics to practice /
_cedited by Jennifer L. Humphries and Joyce Green ; foreword by Baroness Cumberlege
260 _aEdinburgh ;
_aPhiladelphia :
_bBailliere Tindall,
_c1999.
300 _axii, 340 p. :
_bill. ;
_c24 cm.
500 _aPublished in association with the Royal College of Nursing.
650 0 _aNursing.
650 0 _aDrugs
_xPrescribing.
650 1 2 _aPrescriptions, Drug
_vNurses' Instruction.
700 1 _aJennifer L. Humphries; Joyce Green
856 4 _3Table of Contents
_uhttp://lcweb.loc.gov/catdir/toc/99031337.html
942 _2lcc
_cBK
_n0
999 _c21
_d21